000 00310 a2200145 4500
001 156986
040 _cEscola São Tomás de Aquino
100 _aORTHOF, Sylvia
240 1 0 _aFaz de conto
_lpor
245 1 0 _aFaz de conto
300 _a63
362 0 _a2006
697 _a*LITERATURA INFANTO
942 _cBK
999 _c156986
_d156986